| 000 | 00598nam a2200193 i 4500 | ||
|---|---|---|---|
| 001 | 65153 | ||
| 003 | ES-MaACL | ||
| 005 | 20250822095128.0 | ||
| 007 | t| | ||
| 008 | 040109s1924 sp f |||| | spa d | ||
| 100 | 1 |
_aFrancés, José, _d1883-1964 _952141 |
|
| 245 | 1 | 3 |
_aEl arte que sonríe y que castiga _b: (humoristas contemporáneos) / _cJosé Francés. |
| 260 |
_aMadrid : _b[s.n., _c1924] ( _fSuc. de Rivadeneyra) |
||
| 300 |
_a147 p., XVI h. de lám. ; _c25 cm. |
||
| 650 | 0 | 7 |
_aHumorismo _2embne _913509 |
| 650 | 4 |
_aCaricatura. _910777 |
|
| 852 |
_aES-MaACL _jF-51 |
||
| 999 |
_c65153 _d65153 |
||